Władca pierścieni- postacie po zdjęciu #1 - Statystyki

Ogólne statystyki
  • Ten quiz został rozwiązany 406 razy
  • Średni wynik to 14 z 16
Statystyki odpowiedzi
Obrazkowy Odpowiedź % Poprawnych
Frodo
99%
Gandalf
99%
Legolas
97%
Sam
97%
Aragorn
95%
Sauron
94%
Gimli
92%
Saruman
92%
Boromir
90%
Gollum
90%
Pippin
88%
Merry
85%
Faramir
80%
Galadriela
71%
Theoden
70%
Haldir
27%
Nie znaleziono quizów pasujących do podanych kryteriów
Rozkład punktacji
Procent ludzi z każdym wynikiem
Percentyl według liczby udzielonych odpowiedzi
Twoja historia wyników
Nie rozwiązałeś tego quizu